书目信息 |
| 题名: |
体育伦理学
|
|
| 作者: | 华洪兴 | |
| 分册: | ||
| 出版信息: | 南京 河南大学出版社 1999 |
|
| 页数: | 209 | |
| 开本: | 20cm | |
| 丛书名: | ||
| 单 册: | ||
| 中图分类: | G803 | |
| 科图分类: | ||
| 主题词: | 体育理论 | |
| 电子资源: | ||
| ISBN: | 7-5630-1473-X | |
| 000 | 00486nam0 2200181 450 | |
| 001 | 0736480453 | |
| 005 | 20070817100800.46 | |
| 010 | @a7-5630-1473-X@d¥16.50 | |
| 100 | @a20070817d km y0chiy0120 ea | |
| 101 | 0 | @achi |
| 200 | 1 | @a体育伦理学@Ati yu lun li xue@f华洪兴@Fhua hong xing |
| 210 | @a南京@c河南大学出版社@d1999 | |
| 215 | @a209@d20cm | |
| 606 | 0 | @a体育理论 |
| 690 | @aG803@v3 | |
| 701 | 0 | @a华洪兴@Ahua hong xing |
| 801 | 0 | @aCN@bPFT@c20070817 |
| 905 | @a213230@dG803@et93@f1 | |
| 体育伦理学/华洪兴.-南京:河南大学出版社,1999 |
| 209;20cm |
| ISBN 7-5630-1473-X:¥16.50 |
| ● |
| 相关链接 |
|
|
|
|
正题名:体育伦理学
索取号:G803/t93
 
预约/预借
| 序号 | 登录号 | 条形码 | 馆藏地/架位号 | 状态 | 备注 |
| 1 | 6902013 | 269020132 | 密集书库-体育系/ [索取号:G803/t93] | 在馆 |